| 000 | 00667cam a22001811 4500 | ||
|---|---|---|---|
| 082 |
_a671.36 _bJOH _cL-17, P-36 |
||
| 100 | 1 |
_aJohnson, Frederick, _944955 |
|
| 245 | 1 | 0 |
_aMetal working and heat-treatment manual ... _cby F. Johnson ... |
| 260 |
_aLondon, _bP. Elek ltd. _c[1945- |
||
| 300 |
_a v. _billus., tables (part fold.) diagrs. _c22 cm. |
||
| 505 | 0 | _av. 1. Carbon steels.--v. 2. Alloy steels, cast iron, and non-ferrous metals.--v. 3. Surface hardening processes. | |
| 526 |
_a0 _b0 _c0 _d671_360000000000000_JOH |
||
| 650 | 0 |
_aMCE _9379 |
|
| 650 | 0 |
_aMetallography. _944882 |
|
| 650 | 0 |
_aMetallurgy. _925466 |
|
| 650 | 0 |
_aMetal-work. _934700 |
|
| 942 |
_2ddc _cBK |
||
| 999 |
_c548597 _d548597 |
||